[Event "3rd Sharjah Masters 2019"]
[Site "Sharjah"]
[Date "2019.03.29"]
[Round "8.15"]
[White "Yakubboev, Nodirbek"]
[Black "Sadhwani, Raunak"]
[Result "1-0"]
[WhiteElo "2569"]
[BlackElo "2455"]
[Annotator "TA"]
[PlyCount "73"]
[EventDate "2019.03.22"]
[EventType "swiss"]
[EventCountry "UAE"]
[SourceTitle "playchess.com"]
[Source "ChessBase"]
[SourceQuality "1"]

{[%evp 16,73,13,12,10,12,8,4,16,21,59,52,62,49,43,42,55,78,85,77,80,38,45,-40,-52,-69,0,0,0,0,0,-106,0,0,0,0,74,-83,-59,-172,38,27,40,36,18,35,99,68,225,218,219,206,921,921,877,881,830,818,767,753]} 1. d4 d5 2. c4 dxc4 3. e4 Nf6 4. e5 Nd5 5. Bxc4 Nb6 6. Bb3 Nc6 7. Ne2 Bf5 8. Nbc3 e6 9. O-O Qd7 {D20: Queen's Gambit Accepted: 3 e3 and 3 e4} 10. Be3 O-O-O 11. Qc1 h5 $146 {The position is equal.} ({Predecessor:} 11... Kb8 12. Rd1 Nb4 13. Ng3 Bg6 14. Nge4 h6 15. Nc5 Qc6 16. a3 N4d5 17. Nxd5 Nxd5 {½-½ (48) Brunello,S (2555)-Howell,D (2701) Douglas 2017}) 12. Rd1 Nb4 13. a3 N4d5 14. Bg5 {aiming for Nxd5.} Be7 15. a4 a5 16. Bxd5 Nxd5 17. Nxd5 exd5 18. Nc3 f6 19. exf6 (19. Bf4 $14 c6 20. Re1) 19... gxf6 $15 20. Bf4 Kb8 (20... c6 $1 $15) 21. Nb5 {[%cal Rf4c7]} Rc8 22. Re1 Bb4 23. Bd2 {[#]} (23. Qd1 $11) 23... Rcg8 (23... Be4 $1 $17 {White must now prevent ...Bxg2!} 24. Bxb4 axb4) 24. Bxb4 $11 axb4 25. f3 Bd3 (25... Rg7 $11) 26. Qf4 $2 (26. Qd2 $16 Bxb5 27. axb5 Qxb5 28. Ra2) 26... Rg7 ({But not} 26... Qg7 $6 27. Qd2 $11) 27. Rac1 (27. Re3 $15 Qh3 28. Qxc7+ Rxc7 29. gxh3 Bxb5 30. axb5) 27... Bxb5 $2 (27... Qf5 $19 28. Qe3 Rd8 29. Rxc7 {[%mdl 64] Decoy} Rxc7 30. Nxc7 Kxc7 31. Qe7+ Qd7 32. Qxf6 Qxa4) 28. axb5 $14 Qxb5 29. Qxf6 Rhg8 30. g3 b6 (30... Qd3 $14) 31. Qf5 Rg5 $2 (31... h4 $14) 32. Qf7 $18 R5g7 33. Qxh5 Qd3 $2 (33... Qd7 34. f4 Rg6) 34. Re8+ {White is clearly winning.} Rxe8 35. Qxe8+ Kb7 36. Ra1 {[%csl Ga1][%cal Re8a8] [#]} Qxd4+ 37. Kh1 {Accuracy: White = 54%, Black = 33%.} 1-0

[Event "3rd Sharjah Masters 2019"]
[Site "Sharjah"]
[Date "2019.03.29"]
[Round "8.16"]
[White "Iturrizaga Bonelli, Eduardo"]
[Black "Rathnakaran, K.."]
[Result "1-0"]
[WhiteElo "2639"]
[BlackElo "2361"]
[Annotator "TA"]
[PlyCount "61"]
[EventDate "2019.03.22"]
[EventType "swiss"]
[EventCountry "UAE"]
[SourceTitle "playchess.com"]
[Source "ChessBase"]
[SourceQuality "1"]

{[%evp 9,61,10,10,-36,-30,-45,-52,-61,-70,-69,4,-62,-60,-75,-75,-60,-85,-78,-18,-54,-10,-37,-13,-21,113,114,119,120,125,110,473,470,713,687,720,709,664,704,719,714,641,684,677,569,642,338,413,411,1146,1145,1145,1139,995,972]} 1. c4 e5 2. Nc3 Nc6 3. Nf3 f5 4. d4 e4 5. Ng5 Bb4 6. g3 {A27: English Opening: Three Knights Variation} (6. Nh3 Nf6 7. e3 Bxc3+ 8. bxc3 d6 9. Nf4 b6 10. c5 dxc5 11. Bb5 Bd7 12. Qa4 Na5 13. Ne6 Bxb5 14. Qxb5+ c6 15. Qa4 Qd7 16. Nxc5 {0-1 (53) Draskovic,L (2447)-Vocaturo,D (2620) Batumi 2018}) 6... Qf6 7. a3 Bxc3+ $1 8. bxc3 {Black is slightly better.} h6 9. Nh3 g5 (9... Qf7 $15) 10. Bg2 $146 (10. f3 $11) ({Predecessor:} 10. Ng1 Qf7 11. Qa4 Nge7 12. h4 gxh4 13. Rxh4 h5 {1-0 (53) Carneiro,V (2089)-Deus Filho,J (2029) Sao Paulo 2013}) 10... b6 $15 11. O-O Ba6 $1 12. d5 Na5 13. Be3 {Threatens to win with Bd4.} Rh7 ({Black should play} 13... Qg6 $17 14. c5 Nf6) 14. Bd4 Qd6 15. f3 exf3 (15... e3 $5) 16. Rxf3 g4 (16... Rf7 $11) 17. Rxf5 $16 {Black must now prevent Nf4.} ({Much weaker is} 17. Re3+ Re7 $11) 17... gxh3 {[#]} 18. c5 $1 $36 {[%cal Rc5d6][%mdl 2048] White is in control.} bxc5 19. Be5 Qe7 $2 {[%mdl 8192]} (19... Qg6 $16 {is tougher.} 20. Bxh3 Nc4) 20. Bf3 $18 d6 (20... h5 $142 21. e4 O-O-O) 21. Qa4+ Kd8 {Hoping for ...Bc8.} 22. Qg4 Qe8 {[#]} 23. Bg7 $1 Bc8 24. Qh4+ Ne7 25. Rf8 Rxg7 26. Rxe8+ Kxe8 27. Qa4+ Kf8 28. Rf1 ({Not} 28. Qxa5 Ng6 $18) 28... Kg8 (28... Nc4 $142 29. Qxc4 Kg8) 29. Qe8+ {White is clearly winning.} Kh7 30. Be4+ Bf5 31. Bxf5+ {Accuracy: White = 76%, Black = 32%.} 1-0

[Event "3rd Sharjah Masters 2019"]
[Site "Sharjah"]
[Date "2019.03.29"]
[Round "8.17"]
[White "Adly, Ahmed"]
[Black "Vignesh, N R"]
[Result "1-0"]
[WhiteElo "2611"]
[BlackElo "2476"]
[Annotator "TA"]
[PlyCount "101"]
[EventDate "2019.03.22"]
[EventType "swiss"]
[EventCountry "UAE"]
[SourceTitle "playchess.com"]
[Source "ChessBase"]
[SourceQuality "1"]

{[%evp 9,101,0,12,0,11,0,41,29,65,42,118,107,101,97,108,119,116,85,87,93,118,123,117,115,123,127,142,98,84,78,76,71,187,195,242,245,233,236,241,234,233,164,168,129,168,163,172,180,225,220,218,218,212,210,243,237,252,252,243,242,263,199,263,242,275,275,265,265,276,276,192,0,309,315,316,307,369,303,29956,29957,29976,29939,12810,12840,11686,11885,7539,6185,29941,29939,5747,5054,4570,1170]} 1. d4 d5 2. g3 Nf6 3. Bg2 e6 4. Nf3 b5 5. a4 b4 6. c4 {A46: 1 d4 Nf6 2 Nf3 e6: Torre, London and Colle Systems} bxc3 7. Nxc3 a6 $146 ({Predecessor:} 7... Bb4 8. O-O O-O 9. Bf4 a5 10. Rc1 c6 11. Ne5 Ba6 12. Na2 Bd6 {1-0 (37) Kovchan,A (2575)-Korobov,A (2698) Kiev 2018}) 8. O-O {White is slightly better.} Bd6 9. Bg5 Nbd7 (9... Be7 $14) 10. e4 $1 $16 {[%cal Re4e5]} dxe4 11. Nxe4 {aiming for Ne5!} Rb8 12. d5 e5 13. Re1 {Strongly threatening Nd4!} O-O 14. Nxf6+ $1 {[%mdl 64] Overworked Piece} ({Reject} 14. Nxd6 $6 cxd6 15. Nd2 h6 $11) 14... Nxf6 15. Nxe5 Bxe5 16. Rxe5 Rxb2 17. Qd4 Rb6 18. Rae1 h6 19. Bd2 Qd6 20. Qc3 Rb8 (20... Bd7 $16 {keeps fighting.}) 21. Bc1 $1 $18 Qb4 {[#]} 22. Qxb4 $1 ({Weaker is} 22. Qxc7 Bb7 $16) 22... Rxb4 23. Ba3 {[%mdl 64] Skewer} Rxa4 24. Bxf8 Kxf8 25. Rc1 {Hoping for d6.} Bd7 26. h4 ({Wrong is} 26. Rxc7 $2 Ra1+ 27. Bf1 Bh3 $19) 26... Ne8 27. Rb1 Bb5 28. Bf1 Nd6 {[#]} 29. Rc1 $1 Rd4 30. Bxb5 Nxb5 {[%mdl 4096] Endgame KRR-KRN} 31. Rc5 f6 32. Re6 Ra4 33. Kg2 Kf7 34. h5 Ra2 35. Re1 Ra4 (35... Ra3 $142 36. Re3 Ra4) 36. f4 Ra2+ 37. Kh3 Ra3 38. Kg4 Ra2 39. Re3 Rh2 40. Re1 $2 (40. f5 $18) 40... Kf8 $2 {[%mdl 8192]} (40... Ra2 $1 $11 {and Black has nothing to worry.}) 41. d6 Nxd6 42. Rxc7 f5+ 43. Kf3 Rxh5 $2 (43... Ne4 $18 44. Rd1 Kg8) 44. Kg2 g5 45. Rd1 Ne8 46. Rd8 gxf4 47. gxf4 Rh4 48. Rcc8 Rxf4 49. Rxe8+ Kf7 50. Rh8 Kg7 51. Rhd8 {Accuracy: White = 83%, Black = 49%.} (51. Rcg8+ $142 Kf7 52. Ra8) 1-0

[Event "3rd Sharjah Masters 2019"]
[Site "Sharjah"]
[Date "2019.03.29"]
[Round "8.18"]
[White "Idani, Pouya"]
[Black "Laxman, R.R."]
[Result "0-1"]
[WhiteElo "2604"]
[BlackElo "2425"]
[Annotator "TA"]
[PlyCount "56"]
[EventDate "2019.03.22"]
[EventType "swiss"]
[EventCountry "UAE"]
[SourceTitle "playchess.com"]
[Source "ChessBase"]
[SourceQuality "1"]

{[%evp 13,56,2,1,-8,9,12,20,0,0,0,0,0,25,0,8,10,45,16,12,0,0,-4,0,-18,-3,0,-2,-31,-30,-103,-118,-114,-128,-177,-162,-227,-210,-310,-301,-309,-304,-288,-278,-285,-302]} 1. d4 Nf6 2. c4 e6 3. Nc3 Bb4 4. e3 O-O 5. Nf3 d5 6. Bd2 b6 7. cxd5 exd5 8. Bd3 {E51: Nimzo-Indian: Rubinstein: 4...0-0 5 Nf3 d5} (8. Rc1 Bb7 9. Bd3 Be7 10. O-O c5 11. dxc5 bxc5 12. Na4 Nbd7 13. Bc3 Ne4 14. Bxe4 dxe4 15. Ne5 Nxe5 16. Bxe5 Qxd1 17. Rfxd1 {½-½ (30) Wang,Y (2690)-Cheparinov,I (2702) China 2018}) 8... Ba6 9. Bxa6 Nxa6 10. Qa4 {The position is equal.} Qc8 11. Rc1 Qb7 $146 ({Predecessor:} 11... Re8 12. O-O Bf8 13. a3 c5 14. Rfd1 Qb7 15. Be1 c4 {1-0 (58) Blanco Acevedo,C (2397)-Sobrino Forte,A (1955) Seville 2019}) 12. O-O c5 13. dxc5 bxc5 14. a3 Bxc3 $1 15. Bxc3 Ne4 16. b3 Nc7 {[%cal Ba6c7,Bc7e6,Be6f4,Bf4e2][%mdl 32]} 17. Rfd1 Ne6 18. Ba5 Rab8 19. b4 Rfc8 20. h3 {[#]} d4 $1 {[%mdl 512] aiming for ...Nc3.} 21. exd4 (21. bxc5 $1 $11 {keeps the balance.} N4xc5 22. Qb4) 21... cxd4 $17 {Threatens to win with ...Nc3.} 22. b5 Nf4 $36 {[%mdl 2048] Black is on the roll.} 23. Rxc8+ Rxc8 24. Kh2 {[#]} (24. Qb3 $142) 24... Ne2 $1 $19 ({Weaker is} 24... Nxf2 25. Rd2 $15) 25. Re1 (25. Nxd4 $142 N2c3 {[%mdl 64] Double Attack} 26. Qc2 Nxd1 27. Qxd1) 25... d3 {Black has a decisive advantage.} 26. Ne5 Qd5 (26... Nxf2 27. Nc6 $17) 27. Nxd3 Qd6+ {[%mdl 64] Zwischenzug} ({Much less strong is} 27... Qxd3 28. Rd1 $19) 28. g3 Qxd3 {Accuracy: White = 48%, Black = 85%.} 0-1

[Event "3rd Sharjah Masters 2019"]
[Site "Sharjah"]
[Date "2019.03.29"]
[Round "8.19"]
[White "Fier, Alexandr"]
[Black "Akshat, Khamparia"]
[Result "1-0"]
[WhiteElo "2551"]
[BlackElo "2415"]
[Annotator "TA"]
[PlyCount "75"]
[EventDate "2019.03.22"]
[EventType "swiss"]
[EventCountry "UAE"]
[SourceTitle "playchess.com"]
[Source "ChessBase"]
[SourceQuality "1"]

{[%evp 23,75,-10,34,0,62,53,61,58,83,56,58,43,40,40,46,52,45,52,48,45,98,91,132,120,132,112,129,45,58,47,170,178,278,270,270,266,431,425,416,410,395,385,553,410,371,339,339,339,410,410,410,410,410,403]} 1. Nf3 Nf6 2. c4 g6 3. g3 Bg7 4. Bg2 O-O 5. d4 {[%cal Bd2d4,Bd4d5][%mdl 32]} d6 6. Nc3 Nc6 7. O-O Bf5 8. d5 Na5 9. Nd4 Bd7 10. b3 c5 11. dxc6 bxc6 12. Nc2 {E62: King's Indian: Fianchetto: 6...c6 and Panno Variation (6...Nc6) without ...a6} Rb8 {LiveBook: 3 Games} (12... d5 $5) 13. c5 $146 ({Predecessor:} 13. Bf4 Nh5 14. Bd2 c5 15. Nd5 Nc6 16. Rb1 Nf6 17. e4 Ne8 18. Bc3 Bxc3 19. Nxc3 Ng7 {½-½ (53) Iturrizaga Bonelli,E (2665)-Akash Pc,I (2390) London 2017}) 13... d5 (13... dxc5 $11 14. Bf4 Rc8) 14. Bf4 $14 {White is slightly better.} Rc8 15. Be5 Bh6 16. Bxf6 exf6 17. e4 Nb7 18. b4 dxe4 19. Nxe4 {Hoping for Qxd7!} Bg7 20. Nd6 Nxd6 21. Qxd6 ({Much weaker is} 21. cxd6 Qb6 $11) 21... Qc7 (21... f5 $14) 22. Rad1 Be6 23. Nd4 $1 {[%cal Rd4e6]} Qxd6 24. cxd6 Bd7 {[#]} 25. Rc1 (25. Nb3 $1 $16) 25... Rfd8 $1 26. Bxc6 Bh6 {[#]} ({Black should try} 26... Bg4 $14 27. d7 Bxd7) 27. Rc5 $1 $36 {[%mdl 2048] Strongly threatening Bxd7. Keeping Black busy.} Rb8 (27... Bh3 $142) 28. Bxd7 Rxd7 29. Nc6 Rbb7 $2 (29... Re8 {is a better defense.} 30. Ne7+ Kg7) 30. Ne7+ Kg7 31. Rd1 f5 32. f4 f6 (32... Rb6 {was worth a try.} 33. Rc6 Rb8) 33. b5 Kf7 34. a4 Bf8 35. Nc8 Ke8 36. Rc6 {White is winning.} Kd8 37. b6 axb6 38. Nxb6 {Precision: White = 70%, Black = 43%.} 1-0

[Event "3rd Sharjah Masters 2019"]
[Site "Sharjah"]
[Date "2019.03.29"]
[Round "8.20"]
[White "Gukesh, D."]
[Black "Raghunandan, Kaumandur Srihari"]
[Result "0-1"]
[WhiteElo "2529"]
[BlackElo "2352"]
[Annotator "TA"]
[PlyCount "156"]
[EventDate "2019.03.22"]
[EventType "swiss"]
[EventCountry "UAE"]
[SourceTitle "playchess.com"]
[Source "ChessBase"]
[SourceQuality "1"]

{[%evp 9,156,16,19,18,22,22,26,27,19,17,11,9,13,6,20,5,9,14,19,8,30,31,33,18,22,31,27,27,30,27,27,26,35,31,27,37,30,14,27,0,34,12,7,0,0,0,0,0,0,-79,-91,-82,-41,-37,-20,-62,-66,-109,-106,-72,0,0,30,-299,-135,-135,-129,-139,-144,-129,-160,-148,-143,-164,-146,-195,-195,-196,-195,-195,-195,-195,-195,-199,-199,-207,-202,-203,-187,-212,-150,-123,0,-219,-204,-202,-214,-216,-146,-148,-147,-147,-156,-150,-90,-90,-90,-90,-90,-90,-90,-139,-139,-168,-113,-104,-173,-307,-307,-454,-299,-1149,-947,-1111,-307,-307,-307,-307,-307,-951,-745,-2097,-1444,-29969,-29970,-29970,-29971,-29970,-29970,-29970,-29970,-29966,-29949,-29974,-29976,-29974,-29974,-29970,-29973]} 1. Nf3 Nf6 2. g3 d5 3. Bg2 c6 4. O-O Bg4 5. h3 Bh5 6. d4 {A07: Réti Opening: New York and Capablanca Systems} e6 7. c4 Nbd7 8. cxd5 {White has an edge.} exd5 9. Qb3 Qb6 10. Qe3+ Be7 11. Nh4 Bg6 12. Nc3 (12. Nxg6 {looks sharper.} hxg6 13. h4 a5 14. Nc3 Qd8 15. Qd3) 12... Qd8 13. Nxg6 $146 hxg6 14. b4 O-O 15. b5 Re8 16. bxc6 bxc6 17. Qd3 Bb4 18. Bd2 Nb6 19. Rfc1 Qe7 20. e3 Nc4 21. Be1 Ba3 22. Rc2 $1 Rab8 23. Bf1 Rb7 24. Qd1 Qe6 (24... Reb8 $5 {[%cal Ra3b2]}) 25. Kh2 Bd6 26. Bxc4 dxc4 27. Qe2 Qf5 28. Rd2 Qe6 29. Rad1 (29. Rc2 $11 {remains equal.}) 29... Nd5 $1 $17 {[%cal Rd5c3]} 30. Rc2 Nb4 31. Rb2 {a3 is the strong threat.} Rbe7 $36 {[%cal Bb7e7,Be7e6,Be6f6][%mdl 2080] Black is more active.} 32. Qf3 Nd3 33. Rc2 Bb4 34. Bd2 Qd6 (34... Bxc3 $17 35. Bxc3 Rb7) 35. Nb1 $11 Re6 {Hoping for ...Rf6.} (35... Qe6 {is more complex.} 36. Nc3) 36. Rxc4 $2 {[%mdl 8192]} (36. Qe2 $11 {and White has nothing to worry.}) 36... Bxd2 (36... Rf6 $1 $19 {[%cal Rf6f3]} 37. Bxb4 Qd8 38. Rxd3 Rxf3) 37. Rxd2 $17 {[#]} ({Not} 37. Nxd2 $2 Rf6 $19) 37... Rf6 $1 {[%cal Rf6f3]} 38. Rxc6 Qxc6 ({Don't play} 38... Rxf3 $6 39. Rxd6 Rxf2+ 40. Rxf2 $11) 39. Qxc6 Rxc6 40. Rxd3 {[%mdl 4096] Endgame KRR-KRN} Rc2 41. Kg2 Rxa2 42. Rb3 a5 43. Nc3 a4 44. Rb4 {[#]} Rc2 $1 {[%cal Rc2c3]} 45. Nxa4 Rxe3 $1 46. Rb8+ Kh7 47. Nc5 Rd2 48. Rb7 f6 49. Nb3 Rb2 50. Nc5 Rd2 (50... Ra2 $17 51. h4 Ree2) 51. Nb3 $1 $19 {[%cal Rb3d2]} Rc2 52. Nc5 Ree2 53. Nd3 Red2 54. Rb3 Rc4 55. Kf3 Ra2 56. Ke3 Raa4 (56... g5 $142 57. d5 Ra5) 57. Nb2 $17 Rcb4 58. Rxb4 Rxb4 {KR-KN} 59. Nd3 Rb3 60. d5 g5 61. Kd4 {Black must now prevent d6.} Kg6 62. Kc4 Ra3 63. g4 (63. Nc5 {was called for.}) 63... Kf7 $19 64. Kd4 Ke7 65. f4 $2 (65. Ke4) 65... gxf4 66. Nxf4 Ra4+ $2 (66... g5 67. Nd3 Kd6) 67. Ke3 g5 68. Nh5 Ra3+ 69. Ke4 $2 (69. Ke2) 69... Rxh3 70. d6+ Kxd6 71. Nxf6 Ke6 {Black mates.} 72. Nh5 Ra3 73. Ng7+ Kf6 74. Nf5 Rb3 75. Ne3 Rb4+ 76. Kf3 Ke5 77. Nf5 Rb3+ 78. Kg2 Kf4 {Accuracy: White = 51%, Black = 71%.} 0-1

[Event "3rd Sharjah Masters 2019"]
[Site "Sharjah"]
[Date "2019.03.29"]
[Round "8.21"]
[White "Darini, Pouria"]
[Black "Stany, G.A."]
[Result "0-1"]
[WhiteElo "2474"]
[BlackElo "2507"]
[Annotator "TA"]
[PlyCount "84"]
[EventDate "2019.03.22"]
[EventType "swiss"]
[EventCountry "UAE"]
[SourceTitle "playchess.com"]
[Source "ChessBase"]
[SourceQuality "1"]

{[%evp 9,84,0,0,0,0,5,22,0,0,2,9,0,36,18,66,18,42,33,53,58,71,56,70,33,63,52,71,69,70,58,108,106,113,117,112,84,74,54,69,22,70,-85,-68,-91,-84,-121,-100,-211,-205,-204,-218,-275,-277,-271,-279,-277,-270,-297,-285,-296,-286,-478,-486,-580,-558,-734,-714,-694,-652,-871,-870,-836,-706,-1266,-1222,-1314,-1292]} 1. d4 Nf6 2. Bf4 g6 3. Nc3 d5 4. e3 Bg7 5. h4 c6 6. Be2 {A45: Trompowsky Attack} h5 7. Nf3 Bg4 8. Ne5 {[%cal Re5g4] The position is equal.} Bxe2 9. Qxe2 Nbd7 10. O-O-O Qa5 (10... Rc8 11. f3 {0-1 (60) Nabaty,T (2692)-Rodshtein,M (2674) Czech Republic 2019}) 11. f3 Nb6 $146 ({Predecessor:} 11... Nxe5 12. dxe5 Nd7 13. e4 d4 14. Rxd4 Bxe5 15. Bxe5 Qxe5 16. Qd2 {½-½ (45) Tran,D (1958)-Schockenbaeumer,D (2202) Germany 2011}) 12. e4 Rd8 13. Kb1 Nfd7 14. exd5 Nxd5 15. Nxd5 Qxd5 16. Nc4 {Hoping for Nd6+.} Nb6 17. Rhe1 {[%csl Ge1][%cal Re2e7]} Bf6 {[#]} 18. Be5 $1 {[%cal Re5f6]} Bxe5 19. Nxe5 Qe6 20. Qd3 Qf6 21. Qa3 Nc8 22. g3 Kf8 23. c4 Kg7 24. Qe3 Nd6 25. Ka1 $2 {[#]} (25. g4 $1 $14 {stays ahead.}) 25... Nf5 $17 26. Qf4 Rd6 27. a3 Rhd8 {[%cal Rd6d4]} 28. d5 (28. Re4 $17) 28... cxd5 $19 29. c5 Re6 30. Nd3 Rxe1 31. Rxe1 Nd4 32. Qxf6+ Kxf6 {[%mdl 4096] Endgame KRN-KRN} 33. Kb1 Nf5 34. g4 Nxh4 35. g5+ $2 (35. gxh5 {was necessary.} gxh5 36. Rh1) 35... Kxg5 {Black is clearly winning.} 36. Rxe7 Nxf3 37. Rxf7 Kg4 38. Rxb7 h4 39. Rh7 Kg3 40. c6 h3 41. b4 h2 42. b5 g5 {Accuracy: White = 37%, Black = 68%.} 0-1

[Event "3rd Sharjah Masters 2019"]
[Site "Sharjah"]
[Date "2019.03.29"]
[Round "8.22"]
[White "Shyaamnikhil P"]
[Black "Arencibia Rodriguez, Walter"]
[Result "1-0"]
[WhiteElo "2429"]
[BlackElo "2506"]
[Annotator "TA"]
[PlyCount "82"]
[EventDate "2019.03.22"]
[EventType "swiss"]
[EventCountry "UAE"]
[SourceTitle "playchess.com"]
[Source "ChessBase"]
[SourceQuality "1"]

{[%evp 21,82,17,43,34,35,-10,43,30,47,55,60,54,61,47,56,0,0,-33,-30,-32,-12,-23,-16,-25,0,0,13,12,66,56,94,46,158,75,135,145,193,156,214,144,155,134,164,82,79,67,92,96,75,89,138,74,96,84,181,132,155,164,148,168,150,154,127]} 1. g3 d5 2. Bg2 c6 3. c4 Nf6 4. Nf3 Bg4 5. Ne5 Be6 {[%cal Bg4e6,Be6d5,Bd5c6][%mdl 32]} 6. cxd5 Bxd5 7. Nf3 c5 8. Nc3 {A11: English Opening: 1...c6} Bc6 9. O-O e6 10. Re1 Nbd7 11. e4 e5 {LiveBook: 20 Games} 12. Bf1 $146 ({Predecessor:} 12. d3 Be7 13. Nh4 O-O 14. Nf5 Re8 15. f4 Bf8 {1-0 (57) Shimanov,A (2620)-Motylev,A (2661) Saint Louis 2018}) 12... Bd6 13. Nh4 g6 (13... Nf8 $11) 14. a4 O-O 15. Bc4 Ne8 16. d3 Ng7 17. Bh6 Re8 18. Ng2 (18. Nf3 $14 Ne6 19. h4) 18... Ne6 $11 19. f4 exf4 20. gxf4 Bf8 21. Bxf8 Ndxf8 22. Qg4 Nd7 23. Kh1 Nf6 24. Qh3 Nd4 (24... Ng7 $11) 25. Rg1 $14 Kg7 26. f5 Re5 ({Black should try} 26... Nxf5 $14 27. exf5 Qd4) 27. Raf1 (27. Nh4 $142) 27... Qe7 (27... Nxf5 $142 28. Rxf5 (28. exf5 Qd4 $16) 28... Rxf5) 28. Ne3 $16 Re8 29. Rf4 {[%cal Bf1f4,Bf4h4,Bh4h3][%mdl 32]} (29. fxg6 fxg6 30. Rf4 Kh8 $11) 29... Qd7 (29... b6 $16 30. fxg6 fxg6) 30. Qf1 Rf8 31. Rg2 ({Don't play} 31. fxg6 fxg6 32. Qf2 Rh5 $14) 31... Qd6 {[#]} 32. Ba2 (32. Rh4 $1 $18) 32... Ree8 ({Not} 32... Kh8 $2 33. Nc4 $18) 33. Qf2 Nh5 34. Rh4 {And now Rxh5 would win.} Kh8 35. Bd5 Nf6 36. Nc4 (36. Rh6 $142) 36... Qd8 {[%cal Rf6d5]} 37. Bxc6 Nxc6 (37... bxc6 $16 {keeps fighting.} 38. Rh3 Nh5) 38. Rh3 {White is clearly better.} ({Don't take} 38. Qxc5 $6 Qxd3 39. Rf4 Qd8 $14) 38... Rg8 39. Qxc5 Qd4 40. Qxd4 Nxd4 41. Nd6 Re7 {Precision: White = 49%, Black = 30%.} 1-0